Traditional Indian ship building (Record no. 536)

MARC details
000 -LEADER
fixed length control field 00879 a2200205 4500
008 - FIXED-LENGTH DATA ELEMENTS--GENERAL INFORMATION
fixed length control field 080820t xxu||||| |||| 00| 0 eng d
010 ## - LIBRARY OF CONGRESS CONTROL NUMBER
LC control number ENG-84837
020 ## - INTERNATIONAL STANDARD BOOK NUMBER
International Standard Book Number 8186772138
Terms of availability 1695.00
035 ## - SYSTEM CONTROL NUMBER
System control number EN-68370
037 ## - SOURCE OF ACQUISITION
Source of stock number/acquisition D.B.Act / Pub
082 ## - DEWEY DECIMAL CLASSIFICATION NUMBER
Classification number 623.81
100 ## - MAIN ENTRY--PERSONAL NAME
Personal name Rajamanickam, G. Victor
245 ## - TITLE STATEMENT
Title Traditional Indian ship building
Statement of responsibility, etc by G. Victor Rajamanickam
Remainder of title memories, history, technology
260 ## - PUBLICATION, DISTRIBUTION, ETC. (IMPRINT)
Place of publication, distribution, etc New Delhi
Name of publisher, distributor, etc New Academic Publishers
Date of publication, distribution, etc 2006
270 ## - ADDRESS
Address 3721/3, Netaji Subhash Marg, Daryaganj
City Delhi
State or province Delhi
Postal code 110002
300 ## - PHYSICAL DESCRIPTION
Extent xxxviii, 317 p. ;
Dimensions 22 cm. (Hb)
Other physical details plates
500 ## - GENERAL NOTE
General note Includes bibliographical references and index
942 ## - ADDED ENTRY ELEMENTS (KOHA)
Institution code [OBSOLETE] dpl
Koha item type English Books
Call number prefix 623.81 / RAJ
Source of classification or shelving scheme Dewey Decimal Classification
Classification part 623.81
Call number suffix RAJ
Holdings
Withdrawn status Lost status Damaged status Not for loan Home library Current library Date acquired Cost, normal purchase price Total Checkouts Full call number Barcode Date last seen Copy number Uniform Resource Identifier Cost, replacement price Price effective from Koha item type
        D.B.Act.Division D.B.Act.Division 20/08/2008 1695.00   623.81 RAJ EN-68370 15/09/2008 1 559 1695.00 15/09/2008 English Books

© Delhi Public Library
Hit Counter
free hit counter